Sociología del arte / (Record no. 58444)

MARC details
000 -LEADER
campo de control de longitud fija 00536nam a2200181 i 4500
001 - NÚMERO DE CONTROL
campo de control 58444
003 - IDENTIFICADOR DE NÚMERO DE CONTROL
campo de control ES-MaACL
005 - FECHA Y HORA DE LA ÚLTIMA TRANSACCIÓN
campo de control 20230906163818.0
007 - CAMPO FIJO DE DESCRIPCIÓN FÍSICA--INFORMACIÓN GENERAL
campo de control de longitud fija t|
008 - DATOS DE LONGITUD FIJA--INFORMACIÓN GENERAL
campo de control de longitud fija 031022s1969 sp ||||1| spa d
100 1# - ENTRADA PRINCIPAL--NOMBRE DE PERSONA
Nombre de persona Duvignaud, Jean.
9 (RLIN) 46389
245 10 - MENCIÓN DEL TÍTULO
Título Sociología del arte /
Mención de responsabilidad, etc. Jean Duvignaud ; [traducción de Melitón Bustamante].
250 ## - MENCION DE EDICION
Mención de edición [1ª ed.].
260 ## - PUBLICACIÓN, DISTRIBUCIÓN, ETC.
Lugar de publicación, distribución, etc. [Barcelona] :
Nombre del editor, distribuidor, etc. Península,
Fecha de publicación, distribución, etc. [1969]
300 ## - DESCRIPCIÓN FÍSICA
Extensión 149 p. ;
Dimensiones 21 cm.
700 1# - ENTRADA AGREGADA--NOMBRE PERSONAL
Nombre de persona Bustamante Ortiz, Melitón.
9 (RLIN) 32877
852 ## - LOCALIZACIÓN
Ubicación ES-MaACL
Número de control de estantería C-35451
Sublocalización o colección R.68714
Holdings
Estatus retirado Estado de pérdida Estado de daño No para préstamo Biblioteca de origen Biblioteca actual Ubicación en estantería Fecha de adquisición Fuente de adquisición Total de préstamos Signatura topográfica completa Código de barras Visto por última vez Precio de reemplazo Tipo de ítem Koha
        Biblioteca del Ateneo de Madrid Biblioteca del Ateneo de Madrid Depósito 2 17/01/2008     C-35451 1061325 23/02/2023 23/02/2023 Libro impreso